| 000 -CABECERA |
| campo de control de longitud fija |
01875nam a22002297a 4500 |
| 005 - FECHA Y HORA DE LA ÚLTIMA TRANSACCIÓN |
| campo de control |
20210530115507.0 |
| 008 - DATOS DE LONGITUD FIJA--INFORMACIÓN GENERAL |
| campo de control de longitud fija |
210530s1967 pe |||fr|||| 001 0 spa d |
| 040 ## - FUENTE DE LA CATALOGACIÓN |
| Centro catalogador/agencia de origen |
CENDOC CAAAP |
| Lengua de catalogación |
spa |
| Centro/agencia transcriptor |
CAAAP |
| 041 ## - CÓDIGO DE LENGUA |
| Código de lengua del texto/banda sonora o título independiente |
spa |
| 050 ## - SIGNATURA TOPOGRÁFICA DE LA BIBLIOTECA DEL CONGRESO |
| Número de clasificación |
FP 363 |
| Número de documento/Ítem |
O73 |
| 100 1# - ENTRADA PRINCIPAL--NOMBRE DE PERSONA |
| 9 (RLIN) |
2201 |
| Nombre personal |
Ortiz, Dionisio |
| 245 ## - MENCIÓN DE TÍTULO |
| Título |
Oxapampa : |
| Subtitulo |
visión histórica y desarrollo de la provincia de Oxapampa, en el departamento de Pasco / |
| Mención de responsabilidad, etc. |
P. Dionisio Ortiz (O.F.M.) |
| 250 ## - MENCIÓN DE EDICIÓN |
| Mención de edición |
1ra ed. |
| 260 ## - PUBLICACIÓN, DISTRIBUCIÓN, ETC. |
| Lugar de publicación, distribución, etc. |
Lima : |
| Nombre del editor, distribuidor, etc. |
San Antonio, |
| Fecha de publicación, distribución, etc. |
1967 |
| 300 ## - DESCRIPCIÓN FÍSICA |
| Extensión |
603 p.: |
| Otras características físicas |
ilustraciones ; |
| Dimensiones |
23 cm. |
| 505 ## - NOTA DE CONTENIDO CON FORMATO |
| Nota de contenido con formato |
Contiene : Prólogo -- Oxapampa: estudio de una provincia de la Selva del Perú -- Croquis de la provincia de Oxapampa -- Aspecto económico -- La montaña de Huancabamba, Pozuzo y Cerro de la Sal, hasta la independencia del Perú -- Primeras entradas de los misioneros franciscanos a la selva --Avances evangelizadores hacia los valles de Huancabamba, Chorobamba y Chanchamayo -- Segunda entrada de los misioneros franciscanos a la Huancabamba, Cerro de Sal y Quimiri -- El funfador de Ocopa restaurador de las misiones del Cero de la Sal y Huánuco -- Heroica exploración a las pampas del sacramento -- Levantamiento de Santos Atahualpa y destrucción d elas misiones -- Importantes expediciones a las Pmpas del sacramento por el Pozuzo y Mayro -- La via del Mayro -- La montaña de Huancabamba -- La colonia del Pozuzo -- El gran explorador Francisco Padre Bernardino Gonzalez -- Incorporación definitiva de la montaña de Huancabamba, Chorbamba, Cerro de la Sal, Palcazu y Pichis -- El esfuerzado misionero Padre Gabriel Sala -- Oxapampa en los últimos años -- La misión de Quillazu --Estado actual de Oxapampa. |
| 650 10 - PUNTO DE ACCESO ADICIONAL DE MATERIA--TÉRMINO DE MATERIA |
| 9 (RLIN) |
8 |
| Término de materia o nombre geográfico como elemento de entrada |
Historia |
| 650 20 - PUNTO DE ACCESO ADICIONAL DE MATERIA--TÉRMINO DE MATERIA |
| 9 (RLIN) |
1674 |
| Término de materia o nombre geográfico como elemento de entrada |
Desarrollo Local |
| 650 20 - PUNTO DE ACCESO ADICIONAL DE MATERIA--TÉRMINO DE MATERIA |
| 9 (RLIN) |
31 |
| Término de materia o nombre geográfico como elemento de entrada |
Misiones Religiosas |
| 651 10 - PUNTO DE ACCESO ADICIONAL DE MATERIA--NOMBRE GEOGRÁFICO |
| 9 (RLIN) |
2778 |
| Nombre geográfico |
Oxapampa, Pas. (Perú : Provincia) |
| Subdivisión general |
Historia |
| 942 ## - ELEMENTOS PERSONALIZADOS KOHA |
| Fuente del sistema de clasificación o colocación |
|
| Fecha de catalogación |
30 - 05 - 21 |
| Tipo de ítem Koha |
Libros |